000
00205 a2200097 4500
001
49487
100
_a
Moon
245
_a
Call to adventure
260
_a
London
_b
George G Harrap
_c
090
_c
32018
_d
32018
942
_a
NUST-CAE
_c
M
_c
24468
999
_c
284560
_d
284560